00390nam a2200109Ia 4500008004100000100001700041245006500058260006900123300001100192650000900203856006800212160712s9999 xx 000 0 und d aPopa, Allan. cAllan PopaaAng Susunod na Pangalan sa Listahan: Pitong Tula c2015bLikhaan: The Journal of Contemporary Philippine Literature avol. 9 xTULA uhttp://journals.upd.edu.ph/index.php/lik/issue/view/539/showToc